000
00257nam a22000857a 4500
008
160701b xxu||||| |||| 00| 0 eng d
100
_9
1747
_a
Sharma, J.M
245
_a
Introducing New Type Tests in Mathematics
260
_a
New Delhi
_b
Asha Prakas Publication
_c
2003
999
_c
1453
_d
1453